书目信息 |
| 题名: |
历史不糊涂
|
|
| 作者: | 李拯 著 | |
| 分册: | ||
| 出版信息: | 北京 中信出版社 2016 |
|
| 页数: | 22,289页 | |
| 开本: | 21cm | |
| 丛书名: | ||
| 单 册: | ||
| 中图分类: | K242.07 , K827=42 | |
| 科图分类: | ||
| 主题词: | 中国历史--zhong guo li shi--研究--唐代 , 政治家--zheng zhi jia--人物研究--中国--唐代 | |
| 电子资源: | ||
| ISBN: | 978-7-5086-6377-7 | |
| 000 | 01020nam0 22002651 450 | |
| 001 | 0118172257 | |
| 005 | 20170618172257.0 | |
| 010 | @a978-7-5086-6377-7@dCNY49.00 | |
| 100 | @a20160907d2016 em y0chiy50 ea | |
| 101 | 0 | @achi |
| 102 | @aCN@b110000 | |
| 105 | @ay z 000yd | |
| 106 | @ar | |
| 200 | 1 | @a历史不糊涂@Ali shi bu hu tu@e从唐朝风云人物揭秘中国政治传统@f李拯著 |
| 210 | @a北京@c中信出版社@d2016 | |
| 215 | @a22,289页@d21cm | |
| 330 | @a本书从14个风云人物观一代盛唐的兴起与衰落,官员可以从中读出权力法则、官场权谋,商人和企业家可以从中读出人性的奥秘与管理企业的启示,知识分子可以从中读出历史的温情与哲思。 | |
| 517 | 1 | @a从唐朝风云人物揭秘中国政治传统@Acong tang chao feng yun ren wu jie bi zhong guo zheng zhi chuan tong |
| 606 | 0 | @a中国历史@Azhong guo li shi@x研究@z唐代 |
| 606 | 0 | @a政治家@Azheng zhi jia@x人物研究@y中国@z唐代 |
| 690 | @aK242.07@v5 | |
| 690 | @aK827=42@v5 | |
| 701 | 0 | @a李拯@Ali zheng@f(198?~)@4著 |
| 801 | 0 | @aCN@bTANGWEI@c20170615 |
| 905 | @b1009143-8@dK242.07@e33@f6 | |
| 历史不糊涂:从唐朝风云人物揭秘中国政治传统/李拯著 .-北京:中信出版社,2016 |
| 22,289页;21cm |
| ISBN 978-7-5086-6377-7:CNY49.00 |
| 本书从14个风云人物观一代盛唐的兴起与衰落,官员可以从中读出权力法则、官场权谋,商人和企业家可以从中读出人性的奥秘与管理企业的启示,知识分子可以从中读出历史的温情与哲思。 |
| ● |
| 相关链接 |
|
|
|
|
正题名:历史不糊涂
索取号:K242.07/33
 
预约/预借
| 序号 | 登录号 | 条形码 | 馆藏地/架位号 | 状态 | 备注 |
| 1 | 1009143 | 210091434 | 第二样本阅览室/ [索取号:K242.07/33] | 在馆 | |
| 2 | 1009144 | 210091443 | 教育系资料室/ [索取号:K242.07/33] | 在馆 | |
| 3 | 1009145 | 210091452 | 教育系资料室/ [索取号:K242.07/33] | 在馆 | |
| 4 | 1009146 | 210091461 | 教育系资料室/ [索取号:K242.07/33] | 在馆 | |
| 5 | 1009147 | 210091470 | 第二借阅区/ [索取号:K242.07/33] | 在馆 | |
| 6 | 1009148 | 210091489 | 第二借阅区/ [索取号:K242.07/33] |
已借出,限还日期为2026.05.18 借出人:吕艳萍 |